000 00408nam a2200145 i 4500
001 49079
003 ES-MaACL
007 t|
008 030707s1930 sp ||||1| spa d
100 1 _aCorrales Puyol, Severino.
_940738
245 1 0 _aPiscicultura de agua dulce /
_cSeverino Corrales Puyol.
260 _aMadrid :
_bJ. Sánchez de Ocaña,
_c1930.
300 _a208 p. ;
_c17 cm.
852 _aES-MaACL
_jB-6122
999 _c49079
_d49079